Central Library OPAC University of Rajshahi

Evaluating social development programs / (Record no. 49465)

MARC details
000 -LEADER
fixed length control field 00802nam a2200265 4500
001 - CONTROL NUMBER
control field 49465
003 - CONTROL NUMBER IDENTIFIER
rucl marc code BD-RjUL
005 - DATE AND TIME OF LATEST TRANSACTION
control field 20211209054702.0
008 - FIXED-LENGTH DATA ELEMENTS--GENERAL INFORMATION
fixed length control field 160821s1973 onc b 000 0 eng
020 ## - INTERNATIONAL STANDARD BOOK NUMBER
International Standard Book Number 0888101805
035 ## - SYSTEM CONTROL NUMBER
System control number (BD-RjUL)49584
040 ## - CATALOGING SOURCE
Original cataloging agency DLC
Transcribing agency DLC
Modifying agency DLC
Language of cataloging eng
041 ## - LANGUAGE CODE
Language code of text/sound track or separate title eng
082 00 - DEWEY DECIMAL CLASSIFICATION NUMBER
Classification number 362.0723
Author mark and year CAE 1973
100 1# - MAIN ENTRY--PERSONAL NAME
Personal name Carter, Novia.
9 (RLIN) 148435
245 10 - TITLE STATEMENT
Title Evaluating social development programs /
Statement of responsibility, etc. by Novia Carter with Brian Wharf.
260 ## - PUBLICATION, DISTRIBUTION, ETC. (IMPRINT)
Place of publication, distribution, etc. [Ottawa :
Name of publisher, distributor, etc. Canadian Council on Social Development,
Date of publication, distribution, etc. 1973]
300 ## - PHYSICAL DESCRIPTION
Pagination 161 p. ;
Size 28 cm.
350 ## - PRICE (NR) (BK AM CF MU VM SE) [OBSOLETE]
Price $2.50
504 ## - BIBLIOGRAPHY, ETC. NOTE
Bibliography, etc Bibliography: p. 147-161.
650 #0 - SUBJECT ADDED ENTRY--TOPICAL TERM
Topical term or geographic name as entry element Evaluation research (Social action programs)
9 (RLIN) 148436
700 1# - ADDED ENTRY--PERSONAL NAME
Personal name Wharf, Brian,
Relator term joint author.
942 ## - ADDED ENTRY ELEMENTS (KOHA)
Source of classification or shelving scheme Dewey Decimal Classification
Koha item type Books
Holdings
Lost status Source of classification or shelving scheme Damaged status Not for loan Collection code Permanent Location Current Location Shelving location Date acquired Source of acquisition Cost, normal purchase price Total Checkouts Full call number Date last seen Copy number Koha item type
  Dewey Decimal Classification     Non-fiction Central Library, University of Rajshahi Central Library, University of Rajshahi   30/06/1982 Heffer and sons 3.65   362.0723 CAE 1973 21/08/2016 C-2 Books
  Dewey Decimal Classification     Non-fiction Central Library, University of Rajshahi Central Library, University of Rajshahi   30/06/1982 Heffer and sons 3.65   362.0723 CAE 1973 21/08/2016 C-3 Books